000 00298nam a22001337a 4500
008 170526b xxu||||| |||| 00| 0 eng d
020 _a3540090606
041 _aGER
080 _a621.38
100 _a25
101 _aIM
245 _aELETRONISCHE TEXTKOMMUNIKATION
_cKAISER, W
942 _2udc
_cBK
999 _c14397
_d14397